All Winners in Olympics Football - Statistics

General Stats
  • This quiz has been taken 72 times
  • The average score is 13 of 18
Answer Stats
Year Answer % Correct
2004 Argentina
97%
2016 Brazil
97%
1984 France
94%
1992 Spain
94%
1908 United Kingdom
89%
1936 Italy
87%
2012 Mexico
82%
1924 Uruguay
76%
1948 Sweden
73%
1956 Soviet Union
69%
1920 Belgium
66%
1972 Poland
66%
1960 Yugoslavia
65%
1996 Nigeria
63%
2000 Cameroon
55%
1980 Czechoslovakia
55%
1976 East Germany
53%
1952 Hungary
53%
No matching quizzes found
Score Distribution
Percent of People with Each Score
Percentile by Number Answered
Your Score History
You have not taken this quiz